Statistics for London Underground - Bakerloo

Click here to take the quiz!

General Stats

  • This quiz has been taken 15 times
  • The average score is 22 of 25

Answer Stats

Answer % Correct
Elephant & Castle
100%
Edgware Road
100%
Lambeth North
100%
Waterloo
100%
Embankment
100%
Charing Cross
100%
Piccadilly Circus
100%
Oxford Circus
100%
Baker Street
100%
Regent's Park
91%
Marylebone
91%
Harrow & Wealdstone
91%
Willesden Junction
91%
Maida Vale
91%
Wembley Central
91%
Warwick Avenue
91%
Kenton
82%
Paddington
82%
Kensal Green
82%
Harlesden
82%
South Kenton
82%
Kilburn Park
73%
Queen's Park
73%
Stonebridge Park
73%
North Wembley
73%

Score Distribution

Percentile by Number Answered

Percent of People with Each Score

Your Score History

You have not taken this quiz